Normal view
MARC view
- Pick, Lawrence H.
Entry Corporate Name
001 - CONTROL NUMBER
- control field: 69058
003 - CONTROL NUMBER IDENTIFIER
- control field: OSt
005 - DATE AND TIME OF LATEST TRANSACTION
- control field: 20251030132405.0
008 - FIXED-LENGTH DATA ELEMENTS
- fixed length control field: 251030|| aca||aabn | a|a d
040 ## - CATALOGING SOURCE
- Original cataloging agency: OSt
110 ## - HEADING--CORPORATE NAME
- Corporate name or jurisdiction name as entry element: Pick, Lawrence H.
- Relator term: author.
